| 000 | 00342nam a22001217a 4500 | ||
|---|---|---|---|
| 040 | _cNust | ||
| 082 |
_a891.4113 _bSHA |
||
| 100 |
_aProf. Muhammad Yousaf _9131895 |
||
| 245 |
_aShah Abdul Latif Bhitai _bMessenger of Cosmic Consciousness _cMuhammad Yusuf |
||
| 260 |
_a Larkana: _bCadet College, _c2009. |
||
| 300 | _aExtent | ||
| 942 |
_2ddc _cBK |
||
| 999 |
_c615351 _d615351 |
||